QUEST Central Library Banner

A Comprehendive Study of High Voltage Equipements Study Behavior Operation and Maintenance of Sub Station (Record no. 57371)

MARC details
000 -LEADER
fixed length control field 00293nam a22000977a 4500
100 ## - MAIN ENTRY--AUTHOR NAME
Personal name Kelash Kumar
-- 08EL51
245 ## - TITLE STATEMENT
Title A Comprehendive Study of High Voltage Equipements Study Behavior Operation and Maintenance of Sub Station
260 ## - PUBLICATION, DISTRIBUTION, ETC. (IMPRINT)
Place of publication Nawabshah
Name of publisher QUEST
Year of publication 2012
300 ## - PHYSICAL DESCRIPTION
Number of Pages 84 p
942 ## - ADDED ENTRY ELEMENTS (KOHA)
Koha item type Books
Holdings
Withdrawn status Lost status Home library Current library Date acquired Full call number Accession Number Koha item type
    Central Library, QUEST, Nawabshah Research Section 27/02/2017 R/1El08 ELP/41-293 Thesis and Dissertation

Copyright © 2018,The QUEST, Nawabshah, Shaheed Benazirabad. All rights reserved
Mr. G. Farooq Channar (Librarian) QUEST, Nawabshah, Sindh, Pakistan 67480.
 Ph#: |   0244-9370381-4 Ext. 2308   Email| lib@quest.edu.pk   Web|  http://www.quest.edu.pk